| 000 | 00388nam a22001697a 4500 | ||
|---|---|---|---|
| 003 | SGT | ||
| 020 | _a978-81-312-4884-3 | ||
| 082 |
_a617.51 _bD18D |
||
| 100 | _aDHINGRA,P.L | ||
| 245 | _aDISEASES OF EAR,NOSE AND THROAT | ||
| 250 | _a7TH | ||
| 260 |
_aNEW DELHI _bELSEVIER _c2018 |
||
| 300 | _a540 | ||
| 650 | _aAYURVEDA | ||
| 653 | _aDISEASES, EAR,NOSE,THROAT, | ||
| 942 |
_2ddc _cBK _017 |
||
| 999 |
_c16916 _d16916 |
||